[Event "FIDE Chesscom Online Nations Cup"]
[Site "Online"]
[Date "2020.05.06"]
[Round "4"]
[White "Zatonskih, Anna"]
[Black "Dzagnidze, Nana"]
[Result "0-1"]
[WhiteElo "2327"]
[BlackElo "2447"]
[Annotator "TA"]
[PlyCount "94"]
[EventDate "2020.05.05"]
[EventType "team-tourn"]
[SourceTitle "playchess.com"]
[Source "ChessBase"]
[SourceQuality "1"]
[WhiteTeam "United States"]
[BlackTeam "Europe"]
[WhiteTeamCountry "USA"]
[BlackTeamCountry "GEO"]

{[%evp 13,94,2,5,0,0,0,0,0,0,-17,-24,-22,-22,-31,-22,-14,-18,-19,-23,-30,-18,-64,-61,-120,-112,-114,-114,-112,-104,-100,-83,-75,-73,-83,-81,-84,-81,-82,-82,-86,-83,-112,-91,-97,-97,-91,-102,-138,-92,-131,-94,-135,-132,-132,-59,-174,-145,-94,-30,-29,-60,-64,-55,-92,-61,-166,-26,-28,-28,-28,-28,-28,-28,-28,-29,-1797,-1719,-29986,-29987,-29988,-29989,-29989,-29988]} 1. e4 c5 2. c3 Nf6 3. e5 Nd5 4. Nf3 Nc6 5. Bc4 Nb6 6. Bb3 d5 7. exd6 Qxd6 8. O-O {B22: Sicilian: 2 c3.} Be6 $1 {8...Be6 is better than 8...c4.} 9. Na3 {Strongly threatening Nb5.} Bxb3 10. axb3 {The position is equal.} Qd3 11. Qc2 Rd8 12. Qxd3 Rxd3 13. Nc4 Nxc4 14. bxc4 e6 {[#]} 15. Rd1 $146 ({Predecessor:} 15. Re1 Be7 16. Ne5 Nxe5 17. Rxe5 a6 18. Kf1 O-O 19. Ke2 Rfd8 20. Re3 R3d6 21. d3 {½-½ (27) Sveshnikov,E (2512)-Gallagher,J (2543) Mallorca 2004}) 15... Be7 16. Ne1 Rd7 17. Nf3 e5 18. d4 (18. Kf1 $15) 18... exd4 19. cxd4 cxd4 20. Bd2 O-O 21. b4 Bxb4 22. Bxb4 Nxb4 23. Rxa7 Nc6 24. Ra3 f6 25. Kf1 Rfd8 26. Ke2 g5 27. h3 Kf7 28. g4 Kg6 29. h4 gxh4 30. Rh1 Re7+ 31. Kd2 Ne5 32. Nxe5+ fxe5 33. Rxh4 $17 {[%mdl 4096] Endgame [#] KRR-KRR} Rf8 (33... e4 $1 $17 34. Rah3 Ra8 35. Rh6+ Kg5) 34. Ke2 (34. f3 $15) 34... e4 35. Rah3 Ref7 (35... b6 $17 {And now ...Ra7 would win.} 36. g5 Rf5 37. Rh6+ Kxg5) 36. Rh6+ $11 Kg5 37. R6h5+ $1 Kf4 38. g5 d3+ 39. Ke1 {[#]} ({Better is} 39. Kd2 $15) 39... Ra8 ({Black should try} 39... Rf5 $1 $19 {...Ke5 is the strong threat.} 40. Rxh7 Kxg5 41. R3h5+ Kf6 42. R5h6+ Ke5) 40. R3h4+ Kf5 {[#]} 41. g6+ $1 {[%mdl 576] Decoy} Kxg6 {Hoping for ...Ra1+.} 42. Rh6+ Kf5 43. R6h5+ Kf6 {Threatens to win with ...Ra1+.} 44. Rh6+ $2 {[%mdl 8192] Now White is beyond hope.} (44. Rxe4 $11 Rd7 45. Rf4+ Kg6 46. Rd5 Rxd5 47. cxd5) 44... Ke5 $19 45. R4h5+ Kd4 {Black mates.} 46. Rd6+ Kc3 {[%cal Ra8a1]} 47. Kf1 Rg7 {Accuracy: White = 62%, Black = 72%.} 0-1

[Event "FIDE Chesscom Online Nations Cup"]
[Site "Online"]
[Date "2020.05.07"]
[Round "5"]
[White "Nakamura, Hikaru"]
[Black "Ding, Liren"]
[Result "1/2-1/2"]
[WhiteElo "2829"]
[BlackElo "2836"]
[Annotator "TA"]
[PlyCount "71"]
[EventDate "2020.05.05"]
[EventType "team-tourn"]
[SourceTitle "playchess.com"]
[Source "ChessBase"]
[SourceQuality "1"]
[WhiteTeam "United States"]
[BlackTeam "China"]
[WhiteTeamCountry "USA"]
[BlackTeamCountry "CHN"]

{[%evp 25,71,19,0,-94,-106,-110,-89,-93,-91,-85,-76,-91,-89,-84,-77,-93,-67,-60,-54,-60,-43,-82,-75,-95,-41,-27,-14,-18,-31,-19,-4,-17,-10,-8,0,0,0,0,0,0,0,0,0,0,0,0,0,0]} 1. e4 c5 2. c3 Nf6 3. e5 Nd5 4. Nf3 Nc6 5. d4 cxd4 6. cxd4 d6 7. Bc4 Nb6 8. Bb5 dxe5 9. Nxe5 Bd7 10. Nxd7 Qxd7 11. Nc3 e6 12. O-O Be7 13. Qg4 O-O 14. Bh6 {B22: Sicilian: 2 c3.} (14. Bxc6 $11 {keeps the balance.} Qxc6 15. Bh6) 14... Qxd4 $17 15. Qg3 Bd6 (15... Bf6 {is more complex.} 16. Bf4 Rfd8 17. Bc7 Be5 18. Bxe5 Qxe5 19. Bxc6 Qxg3 20. hxg3 bxc6 21. Ne4 Nc4) 16. Bxg7 {White wants to mate with Be5+.Black is better.} Bxg3 17. Bxd4 {Bxc6 is the strong threat.} Bxh2+ $1 18. Kxh2 {Strongly threatening Bxc6.} Nxd4 19. Bd3 f5 {[#]} 20. Rae1 $146 ({Predecessor:} 20. a4 a5 21. Nb5 Rad8 22. Nxd4 Rxd4 23. Bb5 Kf7 24. Rac1 Nd5 25. Rfe1 Ke7 26. Bc4 {1-0 (41) Meijers,V (2488)-Saravanan,V (2356) Groningen 2009}) 20... Rf6 21. Re3 Rh6+ 22. Kg1 Kf7 23. Ne2 Rd8 24. Rc1 Nxe2+ ({Black should play} 24... Nc6 $17 25. Bb5 Nd5) 25. Bxe2 $15 Rd2 {Hoping for ...Nd5.} 26. Bf3 $1 ({But not} 26. Rc7+ Kf6 $17) 26... Rxb2 27. Ra3 a6 {next ...Nc4! is good for Black.The position is equal.} 28. Bxb7 {[#]} Nc4 $1 {[%mdl 512]} 29. Ra4 (29. Rxc4 Rb1+) 29... Nd2 30. Ba8 {[#]} Ne4 $1 {[%mdl 512]} 31. Bxe4 fxe4 32. Rxa6 Rf6 33. Rf1 h5 34. Ra3 Rf5 35. Re3 Rxa2 36. Rxe4 {Accuracy: White = 88%, Black = 89%.} 1/2-1/2

[Event "FIDE Chesscom Online Nations Cup"]
[Site "Online"]
[Date "2020.05.07"]
[Round "5"]
[White "Dominguez Perez, Leinier"]
[Black "Yu, Yangyi"]
[Result "0-1"]
[WhiteElo "2786"]
[BlackElo "2738"]
[Annotator "TA"]
[PlyCount "74"]
[EventDate "2020.05.05"]
[EventType "team-tourn"]
[SourceTitle "playchess.com"]
[Source "ChessBase"]
[SourceQuality "1"]
[WhiteTeam "United States"]
[BlackTeam "China"]
[WhiteTeamCountry "USA"]
[BlackTeamCountry "CHN"]

{[%evp 14,74,6,4,48,31,22,0,0,0,0,0,11,0,0,0,0,-47,-37,-97,-25,-98,-91,-86,-64,-77,-55,-186,-150,-120,-70,-178,-174,-185,-162,-164,-75,-150,-138,-159,-156,-168,-159,-212,-238,-227,-227,-219,-78,-74,-74,-107,-64,-64,-64,-445,-441,-435,-430,-379,-64,-56,-8]} 1. e4 e5 2. Nf3 Nf6 3. d4 Nxe4 4. Bd3 d5 5. Nxe5 Bd6 6. Nc3 Nxc3 7. bxc3 O-O 8. O-O Qh4 {C43: Petroff Defence: 3 d4.} 9. Re1 Nc6 10. Rb1 Nxe5 {The position is equal.} 11. dxe5 Bc5 {[#]} 12. Qf3 $146 ({Predecessor:} 12. Be3 Bxe3 13. Rxe3 c5 14. Be2 b6 15. Qxd5 Be6 16. Qb7 Qa4 17. Bd3 Qxa2 18. Rbe1 {½-½ (100) Kapengut,A-Karasev,V Leningrad 1971}) 12... b6 {[%cal Bb7b6,Bb6c5,Bc5c4][%mdl 32]} 13. Be3 {Hoping for Bxc5.} Be6 14. Bxc5 bxc5 15. Rb5 c4 $36 {[%mdl 2048] Black is more active.} 16. Bf1 (16. Bf5 $15) 16... Rab8 (16... c6 $17 17. Rb7 Qg5) 17. Reb1 (17. Rxd5 $11 Bxd5 18. Qxd5) 17... Rb6 18. a4 Rfb8 19. Qe3 Qe7 20. g3 (20. R1b4 $15) 20... h6 21. R1b4 {[#]} c5 $1 {[%mdl 512]} 22. Rxb6 (22. Rb1 $15) (22. Rxc5 Rxb4) 22... axb6 $19 23. Rb1 Qa7 24. Ra1 Rd8 (24... Qa5 $19 {is more deadly.} 25. Qe1 Ra8) 25. Bg2 (25. Qd2 $142) 25... d4 $17 26. cxd4 cxd4 27. Qd2 Qc7 28. a5 (28. Qe1 $17 {is a better defense.}) 28... bxa5 $1 $19 29. Qxa5 Qxa5 30. Rxa5 {[%mdl 4096] Endgame KRB-KRB} d3 (30... Bf5 $1 $19 31. Ra2 c3) 31. cxd3 $17 cxd3 32. Bf3 d2 33. Bd1 Rb8 {...Rb1! is the strong threat.} 34. Ra1 $2 {[%mdl 8192]} (34. Kf1 $15) 34... Rc8 $1 $19 35. Kf1 {[#]} Bc4+ $1 ({Less strong is} 35... Rc1 36. Ra8+ Kh7 37. Ke2 $17) 36. Kg1 {[#] Now Ra5 and White clings on.} Bd5 $2 ({Black should try} 36... Bb3 $1 $19 {[%mdl 512]} 37. Kg2 (37. Bxb3 Rc1+) 37... Bd5+ 38. f3 Rc1) 37. Ra5 $15 Be4 {[%mdl 32768] Accuracy: White = 49%, Black = 53%. . Loss on time!?} (37... Be6 $5 {[%cal Rc8c1]} 38. Kf1 Rc1 $17) 0-1

[Event "FIDE Chesscom Online Nations Cup"]
[Site "Online"]
[Date "2020.05.07"]
[Round "5"]
[White "Aronian, Levon"]
[Black "Firouzja, Alireza"]
[Result "1-0"]
[WhiteElo "2778"]
[BlackElo "2703"]
[Annotator "TA"]
[PlyCount "175"]
[EventDate "2020.05.05"]
[EventType "team-tourn"]
[SourceTitle "playchess.com"]
[Source "ChessBase"]
[SourceQuality "1"]
[WhiteTeam "Europe"]
[BlackTeam "World"]
[WhiteTeamCountry "ARM"]

{[%evp 13,175,8,13,12,13,13,15,15,14,14,16,0,0,0,9,0,16,15,21,14,20,0,16,11,27,25,40,39,83,33,77,24,40,40,41,44,54,35,53,57,77,72,72,35,37,49,52,16,35,35,83,83,85,83,83,83,79,20,62,41,83,83,83,83,83,83,83,83,83,83,86,85,76,70,68,75,75,74,68,49,65,56,68,69,71,71,76,76,76,76,77,76,78,62,71,66,71,72,83,110,103,97,96,96,104,112,99,99,108,40,42,8,8,8,8,8,8,8,8,8,8,8,8,8,8,8,8,8,8,8,127,8,798,620,594,599,348,482,551,285,305,68,60,66,71,75,81,105,121,60,592,1279,1240,0,0,0,29966,29967,29974,29975,29974,29976,29975,29973]} 1. Nf3 d5 2. e3 Nf6 3. c4 e6 4. b3 c5 5. Bb2 Nc6 6. cxd5 exd5 7. Bb5 Bd6 8. d4 {A13: English Opening: 1...e6.} cxd4 9. Nxd4 O-O 10. O-O {[#] The position is equal.} Nxd4 $146 ({Predecessor:} 10... Bd7 11. Be2 Qe7 12. Nd2 Rac8 13. N2f3 Ba3 14. Bxa3 Qxa3 15. Qc1 Qa5 16. Qb2 Ne4 17. Rac1 Bg4 18. h3 Nxd4 19. Nxd4 Bxe2 20. Nxe2 {0-1 (80) Nihal,S (2620)-Dubov,D (2699) chess.com INT 2020}) 11. Qxd4 a6 12. Be2 Re8 13. Qd1 Qc7 14. h3 Ne4 15. Nd2 Nc3 16. Bxc3 $1 Qxc3 17. Rc1 Qf6 18. Bg4 Bxg4 19. Qxg4 Qb2 20. Nf3 Qxa2 21. Qd7 Bf8 22. Qxb7 ({White should try} 22. Qxd5 $16 {Hoping for Ng5.} Red8 23. Qxb7) 22... Rab8 23. Qc6 Qxb3 24. Qxa6 Qb6 25. Qa2 Rbd8 26. Rfd1 Qe6 27. Rc2 Rd7 28. Qa4 Red8 29. Nd4 Qe4 30. Rdc1 g6 31. Qb5 Rd6 32. Rc8 Kg7 33. Qb2 Rxc8 34. Rxc8 {Threatening mate with Nf5+!} Rf6 35. Rd8 (35. Nb5 $16 Qb4 36. Qxb4 Bxb4 37. Nc7) 35... Bc5 36. Nf3 Be7 37. Rd7 Qe6 38. Rb7 Bd6 39. Ng5 Qe5 40. Qxe5 Bxe5 $16 {[%mdl 4096] Endgame KRB-KRN} 41. Rd7 h6 42. Nf3 $1 {[%cal Rf3e5]} ({Worse is} 42. Rxd5 Rf5 $17) 42... Bd6 43. Nd4 Kf8 44. Nb5 Bb4 45. Rxd5 Be1 46. f3 Re6 47. Rd3 Bg3 48. Kf1 Rb6 49. Rd5 Rc6 50. Ke2 Rc1 51. Rd1 Rc2+ 52. Rd2 Rc1 53. Kd3 Be5 54. Ke4 (54. f4 {with more complications.} Rb1 55. Kc4 Bf6 56. Ra2 h5 57. Nd4) 54... Bf6 55. Nd4 Bxd4 56. exd4 {KR-KR} Ke7 57. Ra2 h5 58. Kd5 Rd1 59. Re2+ Kd7 60. Ke5 {Strongly threatening Kf6.} Ke7 61. f4 (61. Rc2 $16) 61... Rf1 $1 $14 62. h4 f6+ $1 63. Kd5+ Kd7 $1 64. g3 Ra1 65. Rb2 Ra5+ 66. Kc4 Kc6 67. d5+ Kc7 $1 68. Re2 {Threatens to win with Re7+.} Ra4+ 69. Kb5 Ra3 70. Re6 {And now g4 would win.} Rxg3 71. Rxf6 Rg1 (71... Kd7 $11 {remains equal.}) 72. Ra6 (72. Kc5 $1 $16) 72... Kd7 $2 {[%mdl 8192]} (72... Rg4 $11) 73. Kc5 $18 Rc1+ 74. Kd4 Rd1+ 75. Ke5 $1 Re1+ 76. Kf6 Rg1 77. Ra7+ $2 ({Better is} 77. Ra8 $18) 77... Kd6 $14 78. Rg7 Rg4 $1 79. Rxg6 {Black must now prevent Kf5+.} Rxf4+ 80. Kg5+ {[%mdl 64] Double Attack} Ke5 81. d6 (81. Rb6 $16) 81... Rd4 $2 {[%mdl 8192]} (81... Rf8 $14) 82. Kxh5 $18 Kf5 83. Kh6 $2 (83. Rg5+ $18 Ke6 84. Rg8) 83... Rxh4+ $11 84. Kg7 Ra4 $2 {[%mdl 8192] [#]} (84... Ke5 $11) 85. Rh6 $1 {White mates.} Kg5 {[#]} 86. Re6 $1 Kf5 87. Kf7 Rh4 88. Re1 {Accuracy: White = 81%, Black = 81%.} 1-0

[Event "FIDE Chesscom Online Nations Cup"]
[Site "Online"]
[Date "2020.05.07"]
[Round "5"]
[White "Artemiev, Vladislav"]
[Black "Harikrishna, Pentala"]
[Result "1-0"]
[WhiteElo "2769"]
[BlackElo "2690"]
[Annotator "TA"]
[PlyCount "89"]
[EventDate "2020.05.05"]
[EventType "team-tourn"]
[SourceTitle "playchess.com"]
[Source "ChessBase"]
[SourceQuality "1"]
[WhiteTeam "Russia"]
[BlackTeam "India"]
[WhiteTeamCountry "RUS"]
[BlackTeamCountry "IND"]

{[%evp 19,89,25,33,25,17,20,78,75,85,71,89,97,91,91,83,83,86,82,91,85,93,80,77,83,91,86,94,88,104,103,104,95,103,85,75,79,89,65,72,65,95,77,71,90,79,71,70,32,46,56,53,14,46,2,8,0,67,60,77,0,0,0,0,8,117,119,224,219,287,0,29982,29955]} 1. c4 e6 2. Nf3 d5 3. e3 Nf6 4. d4 c5 5. cxd5 exd5 6. Bb5+ Nc6 7. O-O cxd4 8. exd4 Be7 9. Ne5 Bd7 10. Nc3 O-O 11. Bg5 {B14: Caro-Kann: Panov-Botvinnik Attack with 5...e6 and 5...g6.} h6 12. Bh4 {[#]} Ne4 $146 (12... Rc8 $11) ({Predecessor:} 12... a6 13. Bxc6 Bxc6 14. Re1 Re8 15. Nxc6 bxc6 16. Rc1 Nd7 17. Bxe7 Rxe7 18. Qa4 Rxe1+ 19. Rxe1 {½-½ (26) Wulf von Moers,J-Carl,M Kropp 1993}) 13. Bxe7 $16 {White is better.} Qxe7 14. Nxd5 Qd6 15. Nxd7 Qxd7 16. Nb4 Qd6 17. Nxc6 bxc6 18. Ba4 Rab8 19. Qc2 Ng5 20. Rad1 Ne6 21. Qxc6 Qxc6 22. Bxc6 Rxb2 23. a3 Rb6 24. d5 Nd8 25. Ba4 Nb7 26. h4 Nd6 27. Rd4 Rfb8 28. Bc6 Ra6 29. Rd3 Rab6 30. Re1 Rb1 31. Rxb1 Rxb1+ {[%mdl 4096] Endgame KRB-KRN} 32. Kh2 Rb2 33. Kg3 g5 34. hxg5 hxg5 35. Kf3 Kf8 36. g4 Ke7 37. Ke3 f6 (37... Kf6 $11) 38. Kd4 $14 Nf7 39. Rh3 ({White should play} 39. f3 $16) 39... Ne5 $11 40. f3 Rc2 41. Bb5 a5 (41... Ra2 $11 {keeps the balance.}) 42. a4 $16 Kd6 {[#]} (42... Rc1 $16 43. Rh7+ Kd6) 43. Rh6 $1 $18 {[%cal Rh6f6]} Nxf3+ 44. Kd3 $2 (44. Ke4 $18 Nh2 45. Rxf6+ Ke7 46. Re6+ Kf7 47. Kf5) 44... Nd2 $2 {[%mdl 8192]} (44... Ne1+ $11 45. Ke3 Ng2+ 46. Kf3 Nh4+ 47. Ke3 Ng2+ 48. Kf3 Nh4+ 49. Ke3 Ng2+) 45. Kxc2 {Accuracy: White = 83%, Black = 62%.} 1-0

[Event "FIDE Chesscom Online Nations Cup"]
[Site "Online"]
[Date "2020.05.07"]
[Round "5"]
[White "Radjabov, Teimour"]
[Black "Vachier-Lagrave, Maxime"]
[Result "1/2-1/2"]
[WhiteElo "2758"]
[BlackElo "2860"]
[Annotator "TA"]
[PlyCount "77"]
[EventDate "2020.05.05"]
[EventType "team-tourn"]
[SourceTitle "playchess.com"]
[Source "ChessBase"]
[SourceQuality "1"]
[WhiteTeam "World"]
[BlackTeam "Europe"]
[WhiteTeamCountry "AZE"]
[BlackTeamCountry "FRA"]

{[%evp 21,77,-8,-8,0,0,0,4,0,73,81,72,54,80,0,0,0,8,0,0,0,0,0,0,0,0,-93,-104,-97,-95,-100,-81,-190,-174,-307,-45,-45,-45,-48,-50,-52,-52,-56,-45,-44,12,0,756,0,0,0,0,0,0,0,0,0,0,0]} 1. d4 d5 2. c4 c6 3. Nc3 Nf6 4. Nf3 e6 5. Bg5 h6 6. Bh4 dxc4 7. e4 g5 8. Bg3 b5 9. Be2 Nbd7 10. e5 Nd5 11. O-O Bb7 12. Nxd5 {D44: Semi-Slav: Botvinnik System.} cxd5 13. Ne1 Qb6 14. Bh5 {[#]} Be7 $146 (14... Bg7 $11) ({Predecessor:} 14... Bg7 15. h4 Rg8 16. hxg5 hxg5 17. Qg4 Bh6 18. f4 O-O-O 19. f5 Rg7 20. Nc2 Rh8 21. Bxf7 Rxf7 22. fxe6 Rxf1+ 23. Rxf1 {1-0 (27) Salem,A (2617)-Fedoseev,V (2670) Abu Dhabi 2016}) 15. f4 $16 O-O-O 16. fxg5 Bxg5 17. Nc2 ({Better is} 17. Rxf7 $16 Be3+ 18. Bf2 Bxf2+ 19. Rxf2) 17... f5 $36 {[%mdl 2048] White is under pressure.} 18. exf6 Nxf6 19. h4 Ne4 20. Be5 $1 Bxh4 {Strongly threatening ...Rhf8.} 21. Qg4 Bg5 22. Rf7 Rhg8 23. Qh3 (23. Rc7+ $11 {remains equal.} Qxc7 24. Bxc7 Kxc7 25. Qxe6) 23... Rd7 $17 24. Raf1 Be7 $1 25. Rh7 Ng5 26. Qg4 (26. Qg3 $17) 26... Bd6 $19 27. Bf7 (27. Rff7 $142 Bxe5 28. Rxd7 Nxh7 {[%mdl 64] Discovered Attack} 29. Qxg8+ Kxd7 30. Qxh7+ Kc8 31. Qg8+ Kc7 32. Kf1 Bxd4 33. Nxd4 Qxd4 34. Qf7+ Kb8 35. Qf8+ Bc8 36. Qd6+ Kb7 37. Qe7+ Ka8 38. Qf8 $1 {[%mdl 512]} Qd3+ 39. Kf2 Qd4+ 40. Kf1 Qd3+ 41. Kf2 Qf5+ 42. Qxf5 exf5 43. Ke3) 27... Rgd8 $2 ({Black should try} 27... Rxf7 $19 28. Rfxf7 Bxe5) 28. Bxe6 $15 Nxe6 29. Rxd7 $1 Kxd7 30. Rf7+ Be7 {And now ...Re8 would win.} 31. Ne3 Rf8 32. Rh7 $1 {Black must now prevent Nf5.} Qa5 (32... Kd8 $15 33. Rxh6 Bc8 34. Nxd5 Qb7 35. Nxe7 Qxe7) 33. Nf5 Qe1+ ({But not} 33... Qxa2 $2 {[#]} 34. Qh4 $1 $18 {[%mdl 512]}) 34. Kh2 {[#]} Rxf5 $1 {[%mdl 64] Remove Defender. The position is equal.} 35. Qxf5 Qh4+ {[%mdl 64] Double Attack} 36. Kg1 {Hoping for Bf6!} Qe1+ $1 37. Kh2 {White wants to mate with Qf6!} Qh4+ {[%mdl 64] Double Attack} 38. Kg1 {aiming for Bf6!} Qe1+ $1 39. Kh2 {Quite a comeback for White. Accuracy: White = 66%, Black = 80%.} 1/2-1/2

[Event "FIDE Chesscom Online Nations Cup"]
[Site "Online"]
[Date "2020.05.07"]
[Round "5"]
[White "Anand, Viswanathan"]
[Black "Nepomniachtchi, Ian"]
[Result "1-0"]
[WhiteElo "2751"]
[BlackElo "2778"]
[Annotator "TA"]
[PlyCount "33"]
[EventDate "2020.05.05"]
[EventType "team-tourn"]
[SourceTitle "playchess.com"]
[Source "ChessBase"]
[SourceQuality "1"]
[WhiteTeam "India"]
[BlackTeam "Russia"]
[WhiteTeamCountry "IND"]
[BlackTeamCountry "RUS"]

{[%evp 14,33,27,23,27,24,44,0,36,6,20,18,10,6,90,112,463,450,495,493,29995,29996]} 1. d4 Nf6 2. c4 g6 3. Nc3 d5 4. cxd5 Nxd5 5. Bd2 Bg7 6. e4 Nxc3 7. Bxc3 c5 8. d5 Bxc3+ {D85: Exchange Grünfeld: Unusual White 7th moves and lines with 7 Nf3.} 9. bxc3 Qd6 10. Qd2 O-O {The position is equal.} 11. f4 e6 {[#]} 12. Nf3 $5 $146 {[%mdl 8] New and interesting.} ({Predecessor:} 12. Bc4 b5 13. Bxb5 exd5 14. Bc4 Bb7 15. Nf3 Nd7 16. O-O Nb6 17. Be2 d4 18. e5 {½-½ (30) Giri,A (2763)-Vachier Lagrave,M (2767) Ekaterinburg 2020}) 12... exd5 {[#]} 13. Bc4 $1 $36 {[%mdl 2560] White has good play.} Be6 (13... Nc6 $11 {remains equal.}) (13... dxc4 14. Qxd6) 14. O-O $1 $16 ({Don't play} 14. exd5 $6 Bf5 $11) ({Much worse is} 14. Bxd5 $6 Bxd5 15. Qxd5 Qxd5 $11) 14... d4 $2 {[%mdl 8192]} (14... Nd7 $16) 15. f5 $1 $18 Bxc4 {[#]} 16. e5 $1 {[%cal Re5d6]} Qd7 {[#]} (16... Bxf1 $18 17. exd6 Ba6 18. cxd4 cxd4) 17. f6 $1 {[%mdl 512] White took control after the opening. Accuracy: White = 88%, Black = 37%.} 1-0

[Event "FIDE Chesscom Online Nations Cup"]
[Site "Online"]
[Date "2020.05.07"]
[Round "5"]
[White "Wang, Hao"]
[Black "Caruana, Fabiano"]
[Result "0-1"]
[WhiteElo "2750"]
[BlackElo "2773"]
[Annotator "TA"]
[PlyCount "92"]
[EventDate "2020.05.05"]
[EventType "team-tourn"]
[SourceTitle "playchess.com"]
[Source "ChessBase"]
[SourceQuality "1"]
[WhiteTeam "China"]
[BlackTeam "United States"]
[WhiteTeamCountry "CHN"]
[BlackTeamCountry "USA"]

{[%evp 9,92,10,24,10,8,1,7,2,8,-2,0,-15,0,-12,-15,-18,-16,-16,-2,-29,-24,-31,-21,-64,-60,-54,-40,-31,-23,0,24,-20,-18,-26,-26,-26,-24,-23,-21,-26,-36,-81,-81,-81,-81,-81,-81,-81,-81,-81,-81,-105,-81,-81,-101,-131,-59,-131,-131,-131,-131,-131,-131,-131,-131,-131,-103,-138,-138,-306,-265,-254,-62,-386,-408,-533,-533,-520,-507,-1244,-1218,-29980,-69,-29981,-29981]} 1. Nf3 d5 2. g3 Bg4 3. Bg2 Nd7 4. O-O e6 5. d3 Bd6 6. Nbd2 {A07: Réti Opening: New York and Capablanca Systems.} Ne7 7. h3 Bh5 8. b3 {The position is equal.} O-O 9. Bb2 {[#]} a5 $146 ({Predecessor:} 9... c6 10. e4 Qc7 11. d4 e5 12. exd5 cxd5 13. g4 Bg6 14. dxe5 Nxe5 15. Nxe5 Bxe5 16. Bxe5 Qxe5 17. Re1 Qc7 18. c4 dxc4 19. Nxc4 {1-0 (65) Istratescu,A (2628)-Korpa,B (2417) Graz 2015}) 10. a4 c5 11. g4 Bg6 12. Nh4 Nc6 13. Nxg6 hxg6 14. e4 d4 15. f4 g5 16. f5 Bf4 17. Nc4 e5 18. Bc1 Ra6 19. Qe2 Qe7 20. Qf2 (20. h4 $5) 20... Nb4 21. Bxf4 gxf4 22. h4 $1 g5 23. fxg6 fxg6 24. g5 Nb6 25. Bf3 Nxc4 26. bxc4 Rb6 27. Rfb1 Kg7 28. Kg2 Rh8 29. Bg4 Kf8 30. Rb3 Ke8 31. Kf3 Kd8 32. Rh1 Qe8 ({Black should play} 32... Kc7 $17 33. Ra3 Rd6) 33. Ra1 (33. Rbb1 $15) 33... Kc7 $17 34. Kg2 Kb8 35. Kf3 Rc6 36. Rbb1 Rc7 37. Rh1 Rch7 38. Rh2 Qc6 39. h5 $2 (39. Kg2 $17 {is a better defense.}) 39... gxh5 $19 40. Bf5 Rg7 $2 (40... Rf7 $19 {Hoping for ...Rxf5.} 41. Bh3 h4) 41. g6 $2 {[%mdl 8192] [#]} (41. Qh4 $1 $15) 41... Rf8 $1 {[%cal Rf8f5] White must now prevent ...Rxf5.} 42. Rxh5 {[#]} Rxf5 $1 {[%mdl 576] Remove Defender} 43. Rxf5 {And now Rg1 would win.} Qxg6 {[%csl Gg7][%cal Rg6g4]} 44. Qh2 {[#]} (44. Ke2 $142 Nxc2 45. Rh1) 44... Nxc2 $1 {[%mdl 512]} 45. Rh1 (45. Qxc2 Qg3+) 45... Qg4+ 46. Kf2 Nb4 {Accuracy: White = 61%, Black = 88%.} 0-1

[Event "FIDE Chesscom Online Nations Cup"]
[Site "Online"]
[Date "2020.05.07"]
[Round "5"]
[White "Adhiban, B.."]
[Black "Karjakin, Sergey"]
[Result "1/2-1/2"]
[WhiteElo "2624"]
[BlackElo "2709"]
[Annotator "RC"]
[PlyCount "41"]
[EventDate "2020.05.05"]
[EventType "team-tourn"]
[SourceTitle "playchess.com"]
[Source "ChessBase"]
[SourceQuality "1"]
[WhiteTeam "India"]
[BlackTeam "Russia"]
[WhiteTeamCountry "IND"]
[BlackTeamCountry "RUS"]
[TimeControl "1500+10"]

1. d4 {[%emt 0:00:06]} Nf6 {[%emt 0:00:08]} 2. c4 {[%emt 0:00:02]} e6 {[%emt 0:00:01]} 3. Nf3 {[%emt 0:00:01]} d5 {[%emt 0:00:02]} 4. Nc3 {[%emt 0:00:02]} Be7 {[%emt 0:00:04]} 5. Bf4 {[%emt 0:00:02]} O-O {[%emt 0:00:02]} 6. e3 {[%emt 0:00:02]} Nbd7 {[%emt 0:00:09]} 7. Be2 {[%emt 0:00:03]} dxc4 {[%emt 0:00:23]} 8. O-O {[%emt 0:00:05]} a6 {[%emt 0:00:52]} 9. a4 {[%emt 0:00:03]} c5 {[%emt 0:01:38]} 10. d5 {[%emt 0:01:08]} exd5 {[%emt 0:00:07]} 11. Nxd5 {[%emt 0:00:02]} Nxd5 {[%emt 0:00:00]} 12. Qxd5 {[%emt 0:00:02]} Nf6 {[%emt 0:01:57]} 13. Qxc4 {[%emt 0:00:07]} Be6 {[%emt 0:00:43]} 14. Qc2 {[%emt 0:00:06]} h6 {[%emt 0:01:12]} 15. Rfd1 {[%emt 0:05:43]} Qb6 {[%emt 0:00:53]} 16. Nd2 {[%emt 0:02:15]} Rad8 {[%emt 0:01:16]} 17. Nc4 {[%emt 0:02:16]} Qc6 {[%emt 0:01:18]} 18. Ne5 {[%emt 0:02:02]} Qb6 {[%emt 0:00:35]} 19. Nc4 {[%emt 0:00:03]} Qc6 {[%emt 0:00:04]} 20. Ne5 {[%emt 0:00:02]} Qb6 {[%emt 0:00:21]} 21. Nc4 {[%emt 0:00:02]} 1/2-1/2